000 01451cas a2200421 a 4500
001 11325397
005 20140811105250.0
007 t|
008 751101c19639999ii qx f0 a0eng c
010 _a 87640093
_zsn 86009485
022 _a0375-1511
_2z
030 _aRZSIA2
035 _a(OCoLC)ocm01776039
040 _aMnMULS
_beng
_cMnMULS
_dNIC
_dDI
_dMH
_dAIP
_dDLC
_dFU
_dNST
_dOCoLC
_dWaU
_dDLC
_dOCoLC
042 _ansdp
_apcc
043 _aa-ii---
050 0 0 _aQL1
_b.I3
082 0 0 _a591.05
_219
210 0 _aRec. Zool. Surv. India
222 0 _aRecords of the Zoological Survey of India
245 0 0 _aRecords of the Zoological Survey of India.
246 1 8 _aIndia records, a journal of Indian zoology
_f<1963>
260 _aCalcutta :
_bZoological Survey of India,
_c1968-
300 _av. :
_bill. ;
_c25-28 cm.
310 _aFour no. a year
362 0 _aVol. 61, pts. 1 & 2 (June 1963)-
515 _aSome parts issued together.
590 _aSERBIB/SERLOC merged record
650 0 _aZoology
_vPeriodicals.
650 0 _aAnimals
_zIndia
_vPeriodicals.
710 2 _aZoological Survey of India.
776 0 8 _iOnline version:
_tRecords of the Zoological Survey of India
_w(OCoLC)561003017
780 0 0 _tRecords of the Indian Museum
_w(OCoLC)1427183
270 _aDirector, M-Block, New Alipore
_bKolkata
_e700053
906 _a7
_bcbc
_cserials
_d3
_encip
_f19
_gn-oclcserc
942 _2ddc
_cSR
_s1
999 _c87757
_d87757